| 000 | 00507 a2200205 4500 | ||
|---|---|---|---|
| 001 | 105051 | ||
| 020 | _a8585357479 | ||
| 041 | _apor | ||
| 082 | _aAP Year 1 808 | ||
| 250 | _a1. ed. | ||
| 300 | _a[32] p. | ||
| 697 | _aLiteratura infantojuvenil. | ||
| 856 | _u000006/000006e2.jpeg | ||
| 040 |
_aBR-BrIDEA _cBR-BrIDEA |
||
| 090 |
_aAP Year 1 808 _bFOX |
||
| 100 |
_aFox, Mem _d1946 |
||
| 245 | 1 | 0 |
_aGuilherme Augusto Araújo Fernandes _c Mem Fox |
| 260 |
_a[S.l.] _bBrinque-Book _c1995 |
||
| 942 | _cBK | ||
| 999 |
_c105051 _d105051 |
||